Regionálne integračné zoskupenia vo svete - ASEAN diplomová práca

Gespeichert in:
Bibliographische Detailangaben
1. Verfasser: Holas, Lukáš
Körperschaft: Ekonomická univerzita v Bratislave. Fakulta medzinárodných vzťahov
Weitere Verfasser: Grešš, Martin, 1978-
Format: Buch
Sprache:Slowakisch
Veröffentlicht: Bratislava 2010
Tags: Tag hinzufügen
Keine Tags, Fügen Sie das erste Tag hinzu!

MARC

LEADER 00000nam a2200000 4500
001 0121424
005 20240318123321.3
041 0 |a slo 
044 |a SK 
245 1 0 |a Regionálne integračné zoskupenia vo svete - ASEAN  |b diplomová práca  |c Lukáš Holas ; škol. Martin Grešš 
264 1 |a Bratislava  |c 2010 
300 |a 89 s. 
100 1 |a Holas, Lukáš 
700 1 |a Grešš, Martin, 1978- 
710 2 |a Ekonomická univerzita v Bratislave. Fakulta medzinárodných vzťahov